000
00304nam a2200121Ia 4500
008
231129s9999||||xx |||||||||||||| ||spa||
040
_b
spa
082
_a
891.73 T654m
100
_a
Tolstoi León
245
0
_a
La muerte de ivan ilich; el diablo; el padre sergio
264
_a
Salvat
942
_2
ddc
_c
BKS
999
_c
17661
_d
17661